| 000 | 00534nam a2200205Ia 4500 | ||
|---|---|---|---|
| 005 | 20230309144602.0 | ||
| 008 | 131103s9999 xx 000 0 und d | ||
| 040 | _aLoreto College | ||
| 041 | _aEnglish | ||
| 082 |
_a822.33 _bSHA-JON |
||
| 100 | _aJones,Emrys | ||
| 245 |
_aScenis form in Shakespeare _cEmrys Jones |
||
| 260 |
_aOxford _bAt the clarendon press _c1971 |
||
| 300 | _a269p. | ||
| 504 | _aIncludes Index | ||
| 650 | _aShakespeare,William - Criticism | ||
| 651 | _aEnglish Drama | ||
| 850 | _aLCLIB | ||
| 942 | _cBK | ||
| 999 |
_c22035 _d72514 |
||